000
00274nam a22001337a 4500
008
190125b xxu||||| |||| 00| 0 eng d
041
_a
eng
080
_a
53
082
_a
53
100
_a
43
101
_a
FIZ
245
_a
Physics
_c
Verwiebe L.Farank
942
_2
udc
_c
BK
999
_c
53810
_d
53810